University Home | Library Home | Institutional Repository

Arbovirus: (Record no. 126202)

MARC details
000 -LEADER
fixed length control field 00793cam a2200229 4500
008 - FIXED-LENGTH DATA ELEMENTS--GENERAL INFORMATION
fixed length control field 160426n 000 0 eng u
020 ## - INTERNATIONAL STANDARD BOOK NUMBER
International Standard Book Number 9781634636018
035 ## - SYSTEM CONTROL NUMBER
System control number (Sirsi) a196033
040 ## - CATALOGING SOURCE
Original cataloging agency
050 ## - LIBRARY OF CONGRESS CALL NUMBER
Classification number QR 201.A72 ARB 2015
245 ## - TITLE STATEMENT
Title Arbovirus:
Remainder of title public health experience from Zambia/
Statement of responsibility, etc. edited by Seter Siziya, Mazyanga L. Mazaba, and Joav Merrick
260 ## - PUBLICATION, DISTRIBUTION, ETC.
Place of publication, distribution, etc. New York:
Name of publisher, distributor, etc. Nova Science Publishers,
Date of publication, distribution, etc. 2015
300 ## - PHYSICAL DESCRIPTION
Extent vii, 158 p.:
Other physical details ill.
440 ## - SERIES STATEMENT/ADDED ENTRY--TITLE
Title Public health: practices, methods and policies
504 ## - BIBLIOGRAPHY, ETC. NOTE
Bibliography, etc. note Includes bibliographical references and index
650 ## - SUBJECT ADDED ENTRY--TOPICAL TERM
Topical term or geographic name entry element Arbovirus infections--Zambia
650 ## - SUBJECT ADDED ENTRY--TOPICAL TERM
Topical term or geographic name entry element Arboviruses--Zambia
650 ## - SUBJECT ADDED ENTRY--TOPICAL TERM
Topical term or geographic name entry element Arbovirus Infections--Zambia
700 ## - ADDED ENTRY--PERSONAL NAME
Personal name Siziya, Seter
700 ## - ADDED ENTRY--PERSONAL NAME
Personal name Merrick, Joav
700 ## - ADDED ENTRY--PERSONAL NAME
Personal name Mazaba, Mazyanga L.
Holdings
Withdrawn status Lost status Source of classification or shelving scheme Damaged status Not for loan Home library Current library Shelving location Total Checkouts Full call number Barcode Date last seen Copy number Price effective from Koha item type
    Library of Congress Classification     Main Library Main Library On Shelf   QR 201.A72 ARB 2015 33729004827395 08/22/2019 1 08/22/2019 Book
© 2026 - The University of Zambia Library - Koha v25.11